| 000 | 00558nam a22001697a 4500 | ||
|---|---|---|---|
| 005 | 20251108175211.0 | ||
| 008 | 250721s2004 xx 000 0 ara d | ||
| 082 | 1 | 4 | _a338.90956/شفي |
| 100 | 1 | _aشفيق، منير | |
| 245 | 1 | 0 | _aتنمية انسانية ام عولمة / |
| 264 | 1 |
_aبيروت _ لبنان : _bدار الطليعة للطباعة والنشر، _c2004. |
|
| 300 | _a165ص. | ||
| 650 | 1 | 7 | _aالتنمية الاقتصادية و الاجتماعية |
| 650 | 1 | 7 | _aالوطن العربي |
| 942 |
_2ddc _cBK |
||
| 999 |
_c128547 _d128547 |
||